| 000 | 003920000a22001210004500 | ||
|---|---|---|---|
| 090 |
_aAS _bSeriadas |
||
| 245 | 1 | 0 |
_aBleaching of reef organisms in the Santa Marta region, Colombia _s1987 caribbean-wide event |
| 041 | 0 | _aInglés | |
| 700 | 1 |
_aDuque Tobón, Fernando _9100353 |
|
| 100 | 1 |
_aZea, Sven _93756 |
|
| 942 | _cARTICULO | ||
| 773 | 1 |
_tTrianea _kActa Científica y Tecnológica _h3 _q37-51 _d1989 |
|
| 999 |
_c16176 _d16176 |
||